Loading...
| Science - Biology | 0 | 8 | 2 | 2 | 70 | 66 | 97.25 | 1 | 3 | 
| Literature - European Literature | 0 | 6 | 0 | 1 | 60 | 87 | 114.67 | 0 | 0 | 
| Fine Arts - Classical Music | 0 | 6 | 1 | 2 | 55 | 61 | 112.17 | 0 | 0 | 
| Fine Arts - Visual Fine Arts | 0 | 6 | 1 | 1 | 55 | 81 | 109.33 | 0 | 1 | 
| Science - Other Science | 0 | 5 | 0 | 2 | 50 | 80 | 113.40 | 0 | 1 | 
| Literature - World/Other Literature | 0 | 5 | 1 | 0 | 45 | 80 | 105.40 | 0 | 2 | 
| Philosophy | 0 | 5 | 1 | 1 | 45 | 103 | 113.40 | 0 | 1 | 
| Science - Chemistry | 0 | 5 | 2 | 0 | 40 | 76 | 95.40 | 0 | 2 | 
| Science - Physics | 0 | 4 | 1 | 0 | 35 | 82 | 99.75 | 0 | 0 | 
| Literature - British Literature | 0 | 4 | 2 | 1 | 30 | 117 | 124.25 | 0 | 0 | 
| Literature - American Literature | 0 | 3 | 1 | 1 | 25 | 101 | 120.00 | 0 | 0 | 
| History - Other History | 0 | 3 | 1 | 0 | 25 | 45 | 79.33 | 0 | 0 | 
| Geography/Current Events | 0 | 2 | 0 | 1 | 20 | 118 | 122.00 | 0 | 0 | 
| Social Science | 0 | 2 | 0 | 0 | 20 | 100 | 107.50 | 0 | 1 | 
| Fine Arts - Other Fine Arts | 0 | 3 | 3 | 2 | 15 | 119 | 138.67 | 0 | 0 | 
| Mythology | 0 | 1 | 0 | 0 | 10 | 115 | 115.00 | 0 | 0 | 
| History - American History | 0 | 1 | 1 | 0 | 5 | 89 | 89.00 | 0 | 1 | 
| History - European History | 0 | 1 | 1 | 0 | 5 | 132 | 132.00 | 0 | 0 | 
| Religion | 0 | 1 | 2 | 0 | 0 | 90 | 90.00 | 0 | 0 | 
| Other Academic | 0 | 0 | 0 | 0 | 0 | 0.00 | 0 | 0 | |
| History - World History | 0 | 0 | 0 | 0 | 0 | 0.00 | 0 | 0 |